Local Action Global Change (Record no. 15006)

MARC details
000 -LEADER
fixed length control field 00606nam a2200229 a 4500
020 ## - INTERNATIONAL STANDARD BOOK NUMBER
ISBN 9781594515156
082 00 - DEWEY DECIMAL CLASSIFICATION NUMBER
Classification number 305.4
Author Cutter MER
100 ## - MAIN ENTRY--AUTHOR NAME
Author name Mertus, A Julie
245 ## - TITLE STATEMENT
Title Local Action Global Change
Sub title A Handbook on Women`s Human Rights
260 ## - PUBLICATION, DISTRIBUTION, ETC. (IMPRINT)
Place of publication U.S.A.
Name of publisher Paradigm Pubs.
Year of publication 2008
300 ## - PHYSICAL DESCRIPTION
Number of Pages 350p
500 ## - GENERAL NOTE
General note includes index and biblioraphy
505 2# - FORMATTED CONTENTS NOTE
Formatted contents note Bibliography,Index
650 ## - SUBJECT ADDED ENTRY--TOPICAL TERM
Topical Term Women-Human Rights
942 ## - ADDED ENTRY ELEMENTS (KOHA)
Koha item type Books
Holdings
Collection code Home library Current library Date acquired Cost, normal purchase price Full call number Accession Number Koha item type
  Henry Martyn Institute Library Henry Martyn Institute Library 09/24/2010 300.00 305.4 MER 023348 Books
                   Copyright © 2026 | Henry Martyn Institute | Hyderabad | TS-500052 | INDIA | Implemented by hmi.edu.in
Hit-Count:

Powered by Koha